Dua Lipa - Paroles Whatcha Doing - Statistiques

Statistiques générales
  • Ce quiz a été pris 40 fois
  • Le résultat moyen est 298 sur 353
Statistiques - réponses
Hint Réponse % Correct
a
100%
baby?
100%
doin'
100%
doin'?
100%
I
100%
Me
100%
me
100%
me,
100%
me?
100%
me)
100%
Oh,
100%
Intro | Post-refrain Ooh,
100%
to
100%
Refrain Whatcha
100%
whatcha
100%
Couplet 1 After
96%
be
96%
control
96%
I'm
96%
in
96%
Couplet 2 In
96%
midnight
96%
religion,
96%
you
96%
and
93%
And
93%
if
93%
Pré-refrain If
93%
my
93%
no
93%
the
93%
alone
89%
Pré-refrain But
89%
change
89%
for
89%
head
89%
is
89%
that
89%
That
89%
20
86%
collision
86%
might
86%
next
86%
please
86%
tell
86%
(tell
86%
vision,
86%
your
86%
'Cause
82%
future
82%
scared
82%
see
82%
you're
82%
Are
79%
between
79%
death
79%
of
79%
one
79%
part
79%
There's
79%
there's
79%
givin'
75%
good
75%
got
75%
headin'
75%
Lost
71%
thoughts
71%
now
68%
decisions,
64%
"don't"
64%
then
64%
time
64%
up
64%
wants
64%
won't
64%
worried
64%
can't
61%
something
61%
wrong?
61%
tells
57%
At
54%
heart
54%
shake
54%
steal
54%
feeling
50%
more
43%
cloudin'
36%
find
36%
na
32%
na,
32%
learn
25%
Aucun quiz correspondant
Distribution des résultats
% des personnes avec chaque résultat
Percentile par nombre de réponses
Votre historique - résultats
Vous n’avez pas pris ce quiz